000 00371 a2200157 4500
001 147586
040 _cEscola São Tomás de Aquino
100 _aMCDONALD, Megan
240 1 0 _aJudy Moody salva o mundo
_lpor
245 1 0 _aJudy Moody salva o mundo
300 _a174
362 0 _a2005
440 1 _aSalamandra
697 _a*LITERATURA INFANTO JUVENIL
942 _cBK
999 _c147586
_d147586